| 000 | 01135nam a2200277Ia 4500 | ||
|---|---|---|---|
| 003 | OSt | ||
| 005 | 20221005110441.0 | ||
| 006 | a|||||r|||| 00| 0 | ||
| 007 | ta | ||
| 008 | 221004b |||||||| |||| 00| 0 hin d | ||
| 020 |
_a8186684557 (hbk) _c450 |
||
| 024 | _a97567 | ||
| 037 |
_b1925, 13/03/2009, Pioneer Books Distributors _cTextual |
||
| 040 |
_aCRL _cCRL _bhin |
||
| 041 |
_2hin _ahin |
||
| 082 | _aW5,41.N, 152M1 | ||
| 100 | _aमिलीबैंड, राल्फ | ||
| 245 | 0 | _aपूंजीवादी समाज में राजसत्ता | |
| 246 | _aPūanjīvādī samāj mean rājasattā | ||
| 260 |
_aनई दिल्ली _bग्रंथ शिल्पी भारत _c1981 |
||
| 300 |
_a293पृ0 _ccm. |
||
| 650 | _aभारतीय राजनीति | ||
| 700 | _a आदित्यनारायण सिंह, अनु. | ||
| 942 |
_hW5,41.N, 152M1 _cTEXL _2cc |
||
| 999 |
_c1018858 _d1018858 |
||